Countries of the World Quiz - Hard Mode - Statistics

General Stats
  • This quiz has been taken 23 times
    7 since last reset
  • The average score is 33 of 196
Answer Stats
Country % Correct
Canada
67%
Belize
33%
Lebanon
33%
Mexico
33%
Serbia
33%
United Arab Emirates
33%
Vietnam
33%
Afghanistan
17%
Albania
17%
Algeria
17%
Andorra
17%
Angola
17%
Antigua and Barbuda
17%
Argentina
17%
Armenia
17%
Australia
17%
Austria
17%
Azerbaijan
17%
Bahamas
17%
Bahrain
17%
Bangladesh
17%
Barbados
17%
Belarus
17%
Belgium
17%
Benin
17%
Bhutan
17%
Bolivia
17%
Bosnia and Herzegovina
17%
Botswana
17%
Brazil
17%
Brunei
17%
Bulgaria
17%
Burkina Faso
17%
Burundi
17%
Cambodia
17%
Cameroon
17%
Cape Verde
17%
Chad
17%
Chile
17%
China
17%
Colombia
17%
Comoros
17%
Costa Rica
17%
Croatia
17%
Cuba
17%
Cyprus
17%
Czech Republic
17%
Democratic Republic of the Congo
17%
Denmark
17%
Central African Republic
17%
São Tomé and Príncipe
17%
Djibouti
17%
Dominica
17%
Dominican Republic
17%
East Timor
17%
Ecuador
17%
Egypt
17%
El Salvador
17%
Equatorial Guinea
17%
Eritrea
17%
Estonia
17%
Eswatini
17%
Ethiopia
17%
Federated States of Micronesia
17%
Fiji
17%
Finland
17%
France
17%
Gabon
17%
Gambia
17%
Georgia
17%
Germany
17%
Ghana
17%
Greece
17%
Grenada
17%
Guatemala
17%
Guinea
17%
Guinea-Bissau
17%
Guyana
17%
Haiti
17%
Honduras
17%
Hungary
17%
Iceland
17%
India
17%
Indonesia
17%
Iran
17%
Iraq
17%
Ireland
17%
Israel
17%
Italy
17%
Ivory Coast
17%
Jamaica
17%
Japan
17%
Jordan
17%
Kazakhstan
17%
Kenya
17%
Kiribati
17%
Kosovo
17%
Kuwait
17%
Kyrgyzstan
17%
Laos
17%
Latvia
17%
Lesotho
17%
Liberia
17%
Libya
17%
Liechtenstein
17%
Lithuania
17%
Luxembourg
17%
Madagascar
17%
Malawi
17%
Malaysia
17%
Maldives
17%
Mali
17%
Malta
17%
Marshall Islands
17%
Mauritania
17%
Mauritius
17%
Moldova
17%
Monaco
17%
Montenegro
17%
Morocco
17%
Mozambique
17%
Namibia
17%
Nauru
17%
Nepal
17%
Netherlands
17%
New Zealand
17%
Nicaragua
17%
Niger
17%
Nigeria
17%
North Korea
17%
North Macedonia
17%
Norway
17%
Oman
17%
Pakistan
17%
Palau
17%
Panama
17%
Papua New Guinea
17%
Paraguay
17%
Peru
17%
Philippines
17%
Poland
17%
Portugal
17%
Qatar
17%
Republic of the Congo
17%
Romania
17%
Russia
17%
Rwanda
17%
Saint Kitts and Nevis
17%
Saint Lucia
17%
Saint Vincent and the Grenadines
17%
Samoa
17%
San Marino
17%
Senegal
17%
Seychelles
17%
Sierra Leone
17%
Singapore
17%
Slovakia
17%
Slovenia
17%
Somalia
17%
South Africa
17%
South Korea
17%
South Sudan
17%
Sri Lanka
17%
Sudan
17%
Suriname
17%
Sweden
17%
Switzerland
17%
Syria
17%
Taiwan
17%
Tajikistan
17%
Thailand
17%
Togo
17%
Tonga
17%
Trinidad and Tobago
17%
Tunisia
17%
Turkey
17%
Turkmenistan
17%
Tuvalu
17%
Uganda
17%
Ukraine
17%
United Kingdom
17%
Uruguay
17%
Uzbekistan
17%
Vanuatu
17%
Vatican City
17%
Venezuela
17%
Yemen
17%
Zambia
17%
Zimbabwe
17%
Burma
0%
Mongolia
0%
Saudi Arabia
0%
Solomon Islands
0%
Spain
0%
Tanzania
0%
Yankeeland
0%
No matching quizzes found
Score Distribution
Percent of People with Each Score
Percentile by Number Answered
Your Score History
You have not taken this quiz since the last reset